| 000 | 00902 a2200253 4500 | ||
|---|---|---|---|
| 005 | 20080826152110.0 | ||
| 008 | 080826t xxu||||| |||| 00| 0 eng d | ||
| 010 | _aENG-90927 | ||
| 020 |
_a8180546462 _c235.00 |
||
| 035 | _aEN-74460 | ||
| 037 | _bDBAD / PUB | ||
| 040 |
_aDPL _bEnglish |
||
| 082 | _a651.7 | ||
| 100 | _aRajendra Pal | ||
| 245 |
_aEssentials of business communication / _cby Rajendra Pal [and] J.S. Korlahalli |
||
| 250 | _a11th rev. and enl. ed. | ||
| 260 |
_aNew Delhi _bSultan Chand _c2008 |
||
| 270 |
_a23, Daryaganj _bNew Delhi _e110 002 |
||
| 300 |
_aVarious pagings _c24 cm (pbk) |
||
| 650 | _aBusiness communication | ||
| 700 | _aKorlahalli, J.S. | ||
| 942 |
_adpl _cEN _2ddc _h651.7 _mRAJ |
||
| 999 |
_c15345 _d15345 |
||